[Event "Taastrup op"]
[Site "Taastrup"]
[Date "2001.01.20"]
[Round "2"]
[White "Thomsen, Viggo"]
[Black "Nikolaisen, Oluf"]
[Result "1/2-1/2"]
[WhiteElo "1537"]
[BlackElo "1311"]
[PlyCount "113"]
[EventDate "2001.01.19"]
[EventType "swiss"]
[EventRounds "9"]
[EventCountry "DEN"]
[SourceTitle "EXT 2018"]
[Source "ChessBase"]
[SourceDate "2017.10.13"]
[SourceVersion "1"]
[SourceVersionDate "2017.10.13"]
[SourceQuality "1"]

1. d4 Nf6 2. Nf3 d5 3. Bf4 Nc6 4. h3 e6 5. e3 a6 6. a3 Bd6 7. Bxd6 Qxd6 8. c4 0-0 9. c5 Qe7 10. Bd3 Ne4 11. Nbd2 f5 12. Qe2 Bd7 13. Bc2 Rae8 14. Nxe4 fxe4 15. Nd2 e5 16. Nb3 Qf6 17. dxe5 Qxe5 18. 0-0-0 Na7 19. Rhf1 Bb5 20. Qd2 Bxf1 21. Rxf1 c6 22. Nd4 Qh2 23. f3 Nb5 24. Nxb5 axb5 25. f4 Qg3 26. Bd1 Rf6 27. Bg4 Ref8 28. Qf2 Qxf2 29. Rxf2 g6 30. h4 h5 31. Bh3 d4 32. exd4 Rxf4 33. Rxf4 Rxf4 34. Bc8 e3 35. Kd1 Rxd4+ 36. Ke2 Rd2+ 37. Kxe3 Rxb2 38. Bxb7 Rb3+ 39. Kd4 b4 40. Bxc6 Rxa3 41. Kc4 b3 42. Kc3 Ra5 43. Kxb3 Rxc5 44. Bf3 Kg7 45. g4 Re5 46. Bd1 Re3+ 47. Kc2 Rh3 48. gxh5 Rxh4 49. hxg6 Kxg6 50. Kc3 Kf6 51. Bc2 Ke5 52. Bb1 Kd5 53. Ba2+ Kc5 54. Kd3 Kd6 55. Bg8 Ke5 56. Ba2 Rf4 57. Ke3 1/2-1/2